000 00458nam a2200157 i 4500
001 22331
003 ES-MaACL
005 20230906152657.0
007 t|
008 021202s1969 sp ||||1| spa d
100 1 _aAlonso Cano, Miguel.
_920270
245 1 3 _aEl celibato
_b: razones, motivos y conveniencia de una ley /
_cMiguel Alonso Cano.
260 _a[Madrid] :
_bIndice,
_c[1969]
300 _a230 p. ;
_c21 cm.
852 _aES-MaACL
_jC-49839
_bR.71630
999 _c22331
_d22331